| 000 | 00777cam a2200229 4500 | ||
|---|---|---|---|
| 001 | agr68000059 | ||
| 003 | DLC | ||
| 005 | 20260227111028.0 | ||
| 008 | 700507s1967 dcu ab 000 0 eng c | ||
| 010 | _aagr68000059 | ||
| 040 |
_aU.S. Nat'l Agr. Libr. _cDLC _dDLC |
||
| 050 | 0 | 0 |
_aZ5706.A1 _bU535 |
| 070 | 0 | _aaZ5706.A2U5 | |
| 082 | 0 | 0 | _a016.6588/09/637 |
| 110 | 1 |
_aUnited States. _bDepartment of Agriculture. _bEconomic Research Service. _bDairy Group. |
|
| 245 | 1 | 0 |
_aResearch publications on dairy marketing economics, _ban annotated bibliography. |
| 260 |
_a[Washington] _c1967. |
||
| 300 |
_a31 p. _c26 cm. |
||
| 650 | 0 |
_aDairy products _xMarketing _xBibliography. |
|
| 650 | 3 |
_aDairy products _xMarketing _xAbstracts. |
|
| 650 | 3 |
_aDairy products _xMarketing _xBibliography. |
|
| 999 |
_c12373 _d12373 |
||